00237nam a2200085Ia 450000500170000000800410001724500660005826000100012499900170013420250523155752.0250523s9999 xx 000 0 und d 0aDört Kardeştiler Gökkuş Diz cGülten Dayıoğlu bALTIN c12127d12127